000 00313nam a22001337a 4500
008 170628b xxu||||| |||| 00| 0 eng d
020 _a9780393913293
041 _aeng
080 _23RD
_a82
100 _a21
101 _aGJL
245 _aTHE NORTON ANTHOLOGY OF WORLD LITERATURE
_cPUCHNER,M
942 _2udc
_cBK
999 _c19345
_d19345